| 000 | 00496nam a2200181Ia 4500 | ||
|---|---|---|---|
| 001 | 16293 | ||
| 005 | 20260306170259.0 | ||
| 008 | 260306t2003||||xx |||||||||||||| ||und|| | ||
| 041 | _aESP | ||
| 082 |
_a347.6 _bG91 |
||
| 100 |
_aCalle Casusol, Jean Paul (Ed.) _eAUT |
||
| 245 | 0 | _aGuía rápida de preguntas y respuestas sobre la nueva ley del sistema concursal texto impreso | |
| 260 | _c2003 | ||
| 300 |
_a390 páginas : _c |
||
| 650 | _aGEN | ||
| 654 | _aCDE | ||
| 942 |
_cLIB _dJUS _fJUS _2ddc _n |
||
| 999 |
_c16293 _d16293 |
||